000 00619nam a2200241Ia 4500
003 OSt
005 20220924144111.0
006 a|||||r|||| 00| 0
007 ta
008 220923b |||||||| |||| 00| 0 urd d
020 _c70.00
024 _a311984
037 _cTextual
040 _aARTS
_cARTS
_burd
041 _2urd
_aurd
082 _aO168,1I31:g, N2
100 _aSheikh Fareed
_9217049
245 0 _aShah Bahuddin Bajan
_b Hayat aur Gujri Kalam
260 _c1992
650 _aURDU POETRY
942 _hO168,1I31:g, N2
_cTEXL
_2CC
999 _c456107
_d456107